MARC

LEADER 00000nam0a2200000 4500
001 297509
005 20231102001020.0
020 |a RU  |b 84-44599 
035 |a (RuTPU)RU\TPU\book\322642 
090 |a 297509 
100 |a 20150609d1984 k y0rusy5003 ca 
101 0 |a rus 
102 |a RU 
105 |a a z 001zy 
200 1 |a Проектирование средств электроизмерительной техники  |e сборник научных трудов  |f Всесоюзный научно-исследовательский институт электроизмерительных приборов (ВНИИЭП) ; под ред. В. Н. Иванова 
210 |a Ленинград  |c Изд-во ВНИИЭП  |d 1984 
215 |a 132 с.  |c ил. 
320 |a Библиография в конце статей 
606 |a Электроизмерительная техника  |x Проектирование  |2 stltpush  |3 (RuTPU)RU\TPU\subj\19988  |9 45135 
610 1 |a температурные датчики 
610 1 |a характеристики 
610 1 |a сигналы 
610 1 |a контроль 
610 1 |a магнитные поля 
610 1 |a анализаторы 
610 1 |a погрешности 
610 1 |a измерительная информация 
610 1 |a сбор 
610 1 |a оптоэлектроника 
610 1 |a схемы 
675 |a 621.317.7.001  |v 3 
702 1 |a Иванов  |b В. Н.  |4 340 
712 0 2 |a Всесоюзный научно-исследовательский институт электроизмерительных приборов (ВНИИЭП)  |c (Ленинград)  |c (1952-1993)  |2 stltpush  |3 (RuTPU)RU\TPU\col\15660 
801 0 |a RU  |b RuMRKP  |c 19950704  |g psbo 
801 1 |a RU  |b 63413507  |c 20150609 
801 2 |a RU  |b 63413507  |c 20190128  |g RCR 
942 |c BK